[Event "London Classic U2050 op 10th"]
[Site "London"]
[Date "2018.12.16"]
[Round "4"]
[White "Godbole, Sachin"]
[Black "Hafstad, Leif"]
[Result "0-1"]
[WhiteElo "1539"]
[BlackElo "1911"]
[PlyCount "90"]
[EventDate "2018.12.14"]
[EventType "swiss"]
[EventRounds "5"]
[EventCountry "ENG"]
[SourceTitle "CBM 187 Extra"]
[Source "ChessBase"]
[SourceDate "2018.11.04"]
[SourceVersion "1"]
[SourceVersionDate "2018.11.04"]
[SourceQuality "1"]

1. e4 e6 2. Nf3 d5 3. e5 c5 4. d3 Nc6 5. Bd2 Nge7 6. Bg5 Qb6 7. Qc1 Ng6 8. g3 Ncxe5 9. Nxe5 Nxe5 10. Bg2 h6 11. Be3 Be7 12. 0-0 Bf6 13. f3 0-0 14. Nd2 Qc6 15. Rb1 c4 16. dxc4 Nxc4 17. Nxc4 Qxc4 18. b3 Qa6 19. a4 Bd7 20. Rd1 Rfc8 21. Bd4 Bxd4+ 22. Rxd4 Qb6 23. Qe3 Rxc2 24. f4 Rac8 25. Rd3 Rc1+ 26. Rxc1 Rxc1+ 27. Bf1 Qxe3+ 28. Rxe3 Kf8 29. Kf2 Ke7 30. h4 Kd6 31. Be2 Kc5 32. g4 f6 33. h5 Rc2 34. Ke1 Kd4 35. Rd3+ Ke4 36. Kd1 Rc8 37. Rf3 d4 38. g5 Rc3 39. gxf6 gxf6 40. Rxc3 dxc3 41. Kc2 Kxf4 42. Kxc3 Ke3 43. Bd3 f5 44. Bc2 f4 45. Bd1 f3 0-1